000 00864nam2a2200205 4500
001 RU\NLR\PER_A\004253733_000220
005 20260531100750.0
035 _a(NLR Aleph) 022821551
090 _a13719055
_c13719055
100 _a20260529d2025 u||y0rusy50 ba
101 0 _aeng
102 _aFI
_aRU
200 0 _aVol. 31, № 2
210 _d2025
461 0 _1001RU\NLR\INFOCOMM_40\5000023341
_12001#$aManuscripta orientalia$eIntern. j. for oriental manuscript research$fRuss. acad. of sciences. The Inst. of oriental studies. St. Petersburg branch$vVol. 31, № 2
_92094451
_cHelsinki
_d1995-
_fRuss. acad. of sciences. The Inst. of oriental studies. St. Petersburg branch
_nThesa
_oIntern. j. for oriental manuscript research
_tManuscripta orientalia
_x1238-5018
_vVol. 31, № 2
852 _aNLR
_jP23/3010
942 _cISSUE
980 _aINPER
980 _aNB